Investigations of infra-red spectra (Record no. 835)

MARC details
000 -LEADER
fixed length control field 00556nam a2200169Ia 4500
003 - CONTROL NUMBER IDENTIFIER
control field IN-BaIIA
008 - FIXED-LENGTH DATA ELEMENTS--GENERAL INFORMATION
fixed length control field 211028s9999 xx 000 0 eng d
040 ## - CATALOGING SOURCE
Transcribing agency IIA Library
080 ## - UNIVERSAL DECIMAL CLASSIFICATION NUMBER
Universal Decimal Classification number 535.33
Item number COB
100 ## - MAIN ENTRY--PERSONAL NAME
Personal name Coblentz, William W.
9 (RLIN) 1784
245 #0 - TITLE STATEMENT
Title Investigations of infra-red spectra
Remainder of title part III & IV
Statement of responsibility, etc. William W. Coblentz
260 ## - PUBLICATION, DISTRIBUTION, ETC.
Place of publication, distribution, etc. Washington
Name of publisher, distributor, etc. The Carnegie Institution
Date of publication, distribution, etc. 1906
300 ## - PHYSICAL DESCRIPTION
Extent 183p
490 ## - SERIES STATEMENT
Series statement Carnegie institution of Washington publication; no.65
650 ## - SUBJECT ADDED ENTRY--TOPICAL TERM
Topical term or geographic name entry element Spectroscopy
9 (RLIN) 1535
942 ## - ADDED ENTRY ELEMENTS (KOHA)
Koha item type Books
Holdings
Withdrawn status Lost status Damaged status Not for loan Home library Current library Shelving location Date acquired Total Checkouts Full call number Barcode Date last seen Price effective from Koha item type
        IIA Library-Bangalore IIA Library-Bangalore General Stacks     535.33/ COB 861 05/11/2021   Books

Powered by Koha